| 000 | 01322nab a22002657a 4500 | ||
|---|---|---|---|
| 999 |
_c6441 _d6441 |
||
| 003 | OSt | ||
| 005 | 20260204092903.0 | ||
| 008 | 190429b xxu||||| |||| 00| 0 spa d | ||
| 040 | _cPJ | ||
| 100 |
_94045 _aFigari, Rubén E. |
||
| 245 | 1 | 0 |
_a¿Violencia estética? / _cRubén E. Figari. |
| 260 |
_cCiudad Autónoma de Buenos Aires : _aThomson Reuters La Ley, _b2024. |
||
| 300 | _ap. 74-82 | ||
| 500 | _aCita Online: AR/DOC/2684/2024. | ||
| 505 | _aSumario: I. Hechos.— II. Probanzas. Análisis.— III. Análisis por parte de la magistrada. Crítica.— IV. Conclusión. | ||
| 505 | _aFallo comentado: C1aCrim. y Correc., Formosa, 31/08/2023. - L. I., M. L. s/ homicidio con dolo eventual, lesiones leves —tres hechos—, lesiones gravísimas, estafa —cinco hechos—, ejercicio ilegal de la medicina —cinco hechos—, ejercicio ilegal de una profesión. | ||
| 505 | _tSi te interesa el texto completo, solicitalo a koha@justierradelfuego.gov.ar | ||
| 650 | 0 |
_9343 _aDERECHO PENAL |
|
| 650 | 0 |
_93053 _aVIOLENCIA DE GÉNERO |
|
| 650 | 0 |
_92950 _aLESIONES |
|
| 650 | 0 |
_92693 _aDOLO |
|
| 650 | 0 |
_97067 _aCIRUGIA ESTETICA |
|
| 773 | 0 |
_02658 _93164 _tRevista de derecho penal y criminología. Nº 1 - Febrero 2024 _dCiudad Autónoma de Buenos Aires : Thomson Reuters La Ley, 2017- _x00347914 |
|
| 942 |
_2udc _cANA |
||